Đừng quên bổ sung iod cho trẻ

Gespeichert in:
Bibliographische Detailangaben
1. Verfasser: Nguyễn, Kim Dân
Format: Buch
Sprache:Undetermined
Veröffentlicht: Tp. Hồ Chí Minh Tổng Hợp Tp. Hồ CHí Minh 2005
Schlagworte:
Tags: Tag hinzufügen
Keine Tags, Fügen Sie den ersten Tag hinzu!
Thư viện lưu trữ: Trung tâm Học liệu Trường Đại học Cần Thơ
LEADER 00576nam a2200205Ia 4500
001 CTU_87516
008 210402s9999 xx 000 0 und d
020 |c 26000 
082 |a 613.432 
082 |b D121 
100 |a Nguyễn, Kim Dân 
245 0 |a Đừng quên bổ sung iod cho trẻ 
245 0 |c Nguyễn Kim Dân 
260 |a Tp. Hồ Chí Minh 
260 |b Tổng Hợp Tp. Hồ CHí Minh 
260 |c 2005 
650 |a Children 
650 |x Nutrition 
904 |i Tuyến 
980 |a Trung tâm Học liệu Trường Đại học Cần Thơ